[Event "4th Pichay Cup"]
[Site "Manila PHI"]
[Date "2008.09.16"]
[Round "5"]
[White "Nguyen Anh Dung"]
[Black "Gomez,Joh"]
[Result "1/2-1/2"]
[WhiteElo "2499"]
[BlackElo "2457"]

1.d4 Nf6 2.c4 e6 3.Nf3 Bb4+ 4.Bd2 Qe7 5.g3 O-O 6.Bg2 Bxd2+ 7.Qxd2 d6 8.Nc3 e5
9.O-O Nc6 10.d5 Nb8 11.b4 a5 12.a3 axb4 13.axb4 Rxa1 14.Rxa1 Na6 15.Rb1 Bf5
16.Rb3 Ne4 17.Nxe4 Bxe4  1/2-1/2

[Event "IV Geller Memorial"]
[Site "Odessa UKR"]
[Date "2008.09.16"]
[Round "8"]
[White "Prociuc,E"]
[Black "Fiodorov,M"]
[Result "0-1"]
[WhiteElo "2109"]
[BlackElo "2230"]

1.d4 Nf6 2.Nf3 e6 3.c4 Bb4+ 4.Bd2 a5 5.a3 Bxd2+ 6.Nbxd2 a4 7.e4 d6 8.Bd3 Ra5
9.Bc2 Bd7 10.e5 dxe5 11.Nxe5 O-O 12.O-O Be8 13.b4 axb3 14.Nxb3 Ra7 15.Qd3 Ba4
16.Qe3 b6 17.Rfd1 Qe7 18.Re1 Rd8 19.Nf3 Qd6 20.Red1 Nc6 21.d5 exd5 22.cxd5 Ne7
23.Ng5 Nexd5 24.Qf3 Qe5 25.h4 h6 26.Nh3 Qb2 27.Rd2 Kf8 28.Rad1 Re8 29.Rb1 Qc3
30.Qxc3 Nxc3 31.Ra1 Nb5 32.Nd4 Nxd4  0-1

[Event "4th Pichay Cup"]
[Site "Manila PHI"]
[Date "2008.09.17"]
[Round "6"]
[White "Pascua,H"]
[Black "Legaspi,R"]
[Result "1/2-1/2"]
[WhiteElo "2174"]
[BlackElo "2315"]

1.d4 Nf6 2.c4 e6 3.Nf3 Bb4+ 4.Bd2 c5 5.Bxb4 cxb4 6.g3 O-O 7.Bg2 d6 8.O-O Re8
9.a3 Na6 10.Nbd2 e5 11.Qb3 bxa3 12.Rxa3 h6 13.Rfa1 e4 14.Ne1 Qc7 15.Nc2 Bg4
16.Re1 Rac8 17.Ne3 Bh5 18.h3 Ra8 19.g4 Bg6 20.Rea1 Qb8 21.Ra5 Nc7 22.Qa3 Ne6
23.Rxa7 Rxa7 24.Qxa7 Qxa7 25.Rxa7 Nxd4 26.Rxb7 Nxe2+ 27.Kh2 Nf4 28.Kg3 Ne2+
29.Kh2 Nf4 30.b4 Nd3 31.Kg3 Ra8 32.Nd5 Ra3 33.Rb8+ Kh7 34.Nxf6+ gxf6 35.Nxe4 Nc5+
36.Kh2 Nxe4 37.f4 f5 38.Bxe4 fxe4 39.f5 Rc3 40.fxg6+ Kxg6 41.Rb6 Kg5 42.Rxd6 Rxc4
43.b5 Rc2+ 44.Kg3 Rc3+ 45.Kg2 Rc2+ 46.Kg3 Rc3+  1/2-1/2

[Event "Liga Nacional Ajedrez"]
[Site "Villa Martelli ARG"]
[Date "2008.09.20"]
[Round "7"]
[White "Recoulat,E"]
[Black "Sola,R"]
[Result "0-1"]
[WhiteElo "2263"]
[BlackElo "2338"]

1.d4 Nf6 2.c4 e6 3.Nf3 Bb4+ 4.Bd2 Qe7 5.g3 Nc6 6.Bg2 Bxd2+ 7.Nbxd2 d6 8.O-O O-O
9.e4 e5 10.d5 Nb8 11.b4 a5 12.a3 Bg4 13.Qb3 Na6 14.Rfc1 c6 15.dxc6 bxc6 16.Rab1 axb4
17.axb4 Rfb8 18.Qc3 c5 19.b5 Nb4 20.Rf1 Ra2 21.Rb2 Ra4 22.h3 Bxf3 23.Bxf3 Rba8
24.Nb3 h5 25.Rd1 Qe6 26.Kg2 g6 27.Rbd2 Ne8 28.Be2 Ra3 29.Rb2 Qe7 30.Qd2 Kg7
31.h4 Qf6 32.Rdb1 Nc7 33.Nc1 Ne6 34.Nd3 Nxd3 35.Bxd3 Nd4 36.Be2 Qd8 37.b6 Rb8
38.b7 Ra7 39.Rb6 Qc7 40.Bxh5 Raxb7  0-1

[Event "USCL 2008"]
[Site "ICC INT"]
[Date "2008.09.24"]
[Round "5"]
[White "Jones,Cr"]
[Black "Harper,W"]
[Result "0-1"]
[WhiteElo "2266"]
[BlackElo "2294"]

1.d4 Nf6 2.Nf3 e6 3.c4 Bb4+ 4.Bd2 Qe7 5.Nc3 Bxc3 6.Bxc3 Ne4 7.Qc2 Nxc3 8.Qxc3 O-O
9.g3 d6 10.Bg2 Nc6 11.d5 Nb8 12.O-O e5 13.b4 Bg4 14.c5 Nd7 15.c6 bxc6 16.dxc6 Nf6
17.b5 a6 18.a4 Rfb8 19.Rfb1 Rb6 20.a5 Rxb5 21.Rxb5 axb5 22.Qb4 Bc8 23.Qxb5 Ba6
24.Qb2 Qe8 25.Nh4 g6 26.f4 Ng4 27.f5 Ne3 28.Be4 gxf5 29.Qc1 f4 30.Ra3 d5
31.Rxe3 fxe3 32.Bxd5 Rd8 33.Qxe3 Rxd5 34.Qg5+ Kf8 35.Qh6+ Ke7 36.Nf5+ Kd8
37.Qf6+ Kc8 38.Ne7+ Kb8 39.Nxd5 Bxe2 40.Kf2 Bc4 41.Ne7 Be6 42.Qh4 Ka8 43.Qb4 Qb8
44.Qxb8+ Kxb8 45.Ke3 f5 46.g4 f4+ 47.Ke4 Bxg4 48.Kxe5 f3 49.Nd5 f2 50.Ne3 Be2
51.Ke6 f1=Q 52.Nxf1 Bxf1 53.Kd7 Bb5 54.h4 h5 55.Kd8 Bxc6 56.a6 Ba8 57.a7+ Kb7
58.Kd7 Kb6  0-1

[Event "USCL 2008"]
[Site "ICC INT"]
[Date "2008.09.24"]
[Round "5"]
[White "Zaikov,O"]
[Black "Ginsburg,M"]
[Result "1-0"]
[WhiteElo "2380"]
[BlackElo "2364"]

1.d4 Nf6 2.c4 e6 3.Nf3 Bb4+ 4.Bd2 a5 5.Nc3 d6 6.Qc2 Nbd7 7.a3 Bxc3 8.Bxc3 Qe7
9.g3 e5 10.Bg2 O-O 11.O-O Re8 12.e4 b6 13.Rae1 h6 14.Nh4 Ba6 15.Nf5 Qf8 16.f4 Bxc4
17.fxe5 dxe5 18.dxe5 Rxe5 19.Bxe5 Nxe5 20.Nxh6+ Kh7 21.Rf5 Qc5+ 22.Kh1 Kxh6
23.b3 Rd8 24.bxc4 Qd4 25.Qc1+ Kh7 26.Ref1 Nfg4 27.Qg5 Rd6 28.h3 Rh6 29.Rxf7 Nxf7
30.Rxf7 Ne3 31.e5 Qd1+ 32.Bf1 Rg6 33.Qxe3  1-0

[Event "Zvenigorodskaya Open A"]
[Site "Zvenigorod RUS"]
[Date "2008.09.25"]
[Round "1"]
[White "Deviatkin,A"]
[Black "Paveliev,A"]
[Result "1-0"]
[WhiteElo "2567"]
[BlackElo "2390"]

1.d4 Nf6 2.Nf3 e6 3.c4 Bb4+ 4.Bd2 Qe7 5.Qa4 Nc6 6.g3 Ne4 7.Bxb4 Qxb4+ 8.Qxb4 Nxb4
9.Na3 d5 10.Bg2 c6 11.O-O O-O 12.Rfc1 Rd8 13.Nc2 Nxc2 14.Rxc2 Bd7 15.e3 Be8
16.Bh3 Kf8 17.Rac1 Ke7 18.Ne5 f6 19.Nd3 Bg6 20.Nf4 Bf7 21.cxd5 exd5 22.Bf1 g5
23.Nd3 a5 24.Be2 h5 25.f3 Nd6 26.Nc5 Bg6 27.Rc3 Rab8 28.Re1 Kf7 29.Kf2 Ra8
30.Rb3 b5 31.Rc3 b4 32.Rcc1 Rdc8 33.Rh1 a4 34.h4 Ra7 35.hxg5 fxg5 36.Nd3 b3
37.Ne5+ Kg7 38.Nxg6 Kxg6 39.Bd3+ Kf6 40.a3 Rg7 41.Rxh5 Ke7 42.e4 dxe4 43.fxe4 Rf8+
44.Ke3 Kd7 45.Rc5 Rgf7 46.Be2 Re7 47.e5 Nf5+ 48.Kd3 Nxg3 49.Bg4+ Kc7 50.Rh6 Kb7
51.Rhxc6 Nf5 52.Rf6  1-0

[Event "17th CRO-chT 1b"]
[Site "Sibenik CRO"]
[Date "2008.09.28"]
[Round "2"]
[White "Bilobrk,F"]
[Black "Sinanovic,M"]
[Result "1/2-1/2"]
[WhiteElo "2372"]
[BlackElo "2386"]

1.d4 Nf6 2.Nf3 e6 3.c4 Bb4+ 4.Bd2 a5 5.Nc3 O-O 6.Qc2 d5 7.cxd5 exd5 8.e3 c6
9.Bd3 Nfd7 10.Na4 Bd6 11.Nc5 Re8 12.Nxd7 Bxd7  1/2-1/2

[Event "Tatry Open"]
[Site "Tatranske Zruby SVK"]
[Date "2008.09.29"]
[Round "3"]
[White "Skreno,V"]
[Black "Davidovic,M1"]
[Result "1-0"]
[WhiteElo "2234"]
[BlackElo "2055"]

1.d4 Nf6 2.Nf3 e6 3.c4 Bb4+ 4.Bd2 Bxd2+ 5.Nbxd2 b6 6.g3 Bb7 7.Bg2 O-O 8.O-O d6
9.Qc2 Nbd7 10.e4 e5 11.d5 a5 12.b3 Nc5 13.a3 Qe7 14.b4 Ncd7 15.Rfc1 Ra7 16.Nb3 axb4
17.axb4 Rfa8 18.Rxa7 Rxa7 19.Nfd2 Qf8 20.c5 bxc5 21.bxc5 Nxc5 22.Nxc5 dxc5
23.Nc4 Qe7 24.Qb2 Nd7 25.Bh3 Bc8 26.Bxd7 Qxd7 27.Nxe5 Qh3 28.Nc6 Rb7 29.Qa1 h6
30.Ne7+ Kf8 31.Nxc8 Qxc8 32.Rxc5 Qb8 33.Qe5 f6 34.Qf4 Qa7 35.Rc1 Qd4 36.Qf5 Ra7
37.Qc8+ Kf7 38.Rxc7+ Rxc7 39.Qxc7+ Ke8 40.d6 f5 41.Qe7+  1-0

[Event "Zvenigorodskaya Open A"]
[Site "Zvenigorod RUS"]
[Date "2008.09.30"]
[Round "9"]
[White "Gavrilov,Al1"]
[Black "Airapetian,G"]
[Result "1-0"]
[WhiteElo "2447"]
[BlackElo "2351"]

1.d4 e6 2.c4 Nf6 3.Nf3 Bb4+ 4.Bd2 c5 5.Bxb4 cxb4 6.g3 O-O 7.Bg2 d6 8.O-O Re8
9.a3 Nc6 10.axb4 Nxb4 11.Nc3 Bd7 12.e4 e5 13.dxe5 dxe5 14.Nd5 Nfxd5 15.exd5 Bf5
16.Qd2 a5 17.Rfc1 Nd3 18.Rc3 Nc5 19.Qe3 Rc8 20.Nd2 b6 21.f3 Qd6 22.Bf1 Bg6
23.Bh3 Rb8 24.Nb3 Nb7 25.Re1 h6 26.Qf2 a4 27.Nd2 Qb4 28.Nf1 Nd6 29.Ne3 Qc5
30.Bd7 Re7 31.Bxa4 Qb4 32.Bc6 Ra7 33.Qd2 Ra2 34.Re2 Bh5 35.g4 Bg6 36.Ra3 Qxd2
37.Rxd2 Rxa3 38.bxa3 f5 39.gxf5 Be8 40.Rb2 Bxc6 41.dxc6 Kf7 42.c5 Nc8 43.a4 Ke8
44.Nd5  1-0

[Event "ch-Commonwealth"]
[Site "Nagpur IND"]
[Date "2008.10.03"]
[Round "7"]
[White "Pradeep,KR"]
[Black "Rohit,G"]
[Result "1/2-1/2"]
[WhiteElo "2250"]
[BlackElo "2457"]

1.Nf3 Nf6 2.c4 e6 3.d4 Bb4+ 4.Bd2 c5 5.g3 Nc6 6.Bxb4 cxb4 7.Bg2 d6 8.O-O O-O
9.a3 Qb6 10.axb4 Nxb4 11.Nc3 Bd7 12.e4 Rfd8 13.Qe2 Bc6 14.Rfd1 h6 15.Ne1 Rac8
16.Ra3 Be8 17.Rb3 Qa5 18.Ra3 Qb6 19.Rb3 Qa5  1/2-1/2

[Event "TCh-AUT 2nd Bundesliga Ost 2008-9"]
[Site "Austria AUT"]
[Date "2008.10.04"]
[Round "2"]
[White "Todor,R"]
[Black "Weinzettl,E"]
[Result "1/2-1/2"]
[WhiteElo "2215"]
[BlackElo "2249"]

1.d4 Nf6 2.c4 e6 3.Nf3 Bb4+ 4.Bd2 c5 5.e3 O-O 6.Bd3 d6 7.Bxb4 cxb4 8.Nbd2 Re8
9.Qc2 Nc6 10.O-O h6 11.Rad1 Qe7 12.Ne4 Nxe4 13.Bxe4 Bd7 14.Qb3  1/2-1/2

[Event "TCh-BEL 2008-9"]
[Site "Belgium BEL"]
[Date "2008.10.05"]
[Round "1"]
[White "Buhr,CC"]
[Black "Bauduin,E"]
[Result "1-0"]
[WhiteElo "2346"]
[BlackElo "2309"]

1.d4 e6 2.Nf3 Nf6 3.c4 Bb4+ 4.Bd2 a5 5.g3 d6 6.Qc2 Nbd7 7.Bg2 e5 8.O-O O-O
9.e3 c6 10.Bc1 e4 11.Ng5 d5 12.c5 a4 13.a3 Ba5 14.Qxa4 Ra6 15.Qc2 Ng4 16.f4 h5
17.Nc3 Qe8 18.Nd1 Bd8 19.Nh3 f5 20.Nhf2 Nh6 21.h4 Rf6 22.Nh3 Rg6 23.Ng5 Nf8
24.Nf2 Nh7 25.Bd2 Nf6 26.Rfb1 Nfg4 27.Nfh3 Nf7 28.Bf1 Ra8 29.b4 Bf6 30.a4 Nd8
31.Qc1 Ne6 32.Bc3 Bxg5 33.fxg5 f4 34.Nxf4 Nxf4 35.gxf4 Nh6 36.Be2 Bg4 37.Bxg4 Nxg4
38.Bd2 Qd7 39.Qf1 Nh6 40.Qg2 Nf5 41.Qh3 Qf7 42.b5 Re6 43.a5 cxb5 44.Rxb5 Rae8
45.Ra4 g6 46.Rab4 R6e7 47.Rb6  1-0

[Event "1st WMSG Blitz Pair"]
[Site "Beijing CHN"]
[Date "2008.10.08"]
[Round "3"]
[White "Houska,Jo"]
[Black "Vovk,Ok"]
[Result "1-0"]
[WhiteElo "2399"]
[BlackElo "2142"]

1.d4 Nf6 2.Nf3 e6 3.c4 Bb4+ 4.Bd2 Qe7 5.g3 O-O 6.Bg2 Bxd2+ 7.Qxd2 d6 8.O-O Nc6
9.Qc3 e5 10.d5 Nb8 11.Nbd2 c6 12.e4 a5 13.b3 Nbd7 14.a3 Nc5 15.Nh4 Bd7 16.b4 axb4
17.axb4 Na4 18.Qc2 b5 19.dxc6 Bxc6 20.Nf5 Qb7 21.Nxd6 Qd7 22.c5 Ne8 23.Nxe8 Rfxe8
24.Nb3 Qe6 25.Na5 Red8 26.Rfd1 Rd4 27.Nxc6 Qxc6 28.Rxd4 exd4 29.e5 Qe6 30.Bxa8  1-0

[Event "1st WMSG Blitz Pair"]
[Site "Beijing CHN"]
[Date "2008.10.08"]
[Round "4"]
[White "Nyback,T"]
[Black "Socko,B"]
[Result "1/2-1/2"]
[WhiteElo "2634"]
[BlackElo "2631"]

1.d4 Nf6 2.c4 e6 3.Nf3 Bb4+ 4.Bd2 c5 5.Bxb4 cxb4 6.g3 O-O 7.Bg2 d6 8.O-O Re8
9.Qd3 Nc6 10.e4 e5 11.d5 Nb8 12.a3 Na6 13.axb4 Nxb4 14.Qc3 a5 15.Nbd2 b6
16.Ne1 Nd7 17.Nc2 Nxc2 18.Qxc2 Qc7 19.b4 Bb7 20.bxa5 bxa5 21.Ra3 Nc5 22.Nb3 Nxb3
23.Qxb3 Ba6 24.Rc1 Reb8 25.Qc3 Bc8 26.Rca1 h5 27.h4 Bd7 28.Rxa5 Rxa5 29.Rxa5 Rc8
30.Bf1 Bg4 31.f3 Bd7 32.Kg2 Qb6 33.Qa3 Qd4 34.Ra8 Qd2+ 35.Kh1 Rxa8 36.Qxa8+ Kh7
37.Qa7 Qe1 38.Qg1 Ba4 39.Kg2 Qc3 40.Qf2 g6 41.Qe2 Bc2 42.Kf2 Kg7 43.Qe3 Qb4
44.f4 f6 45.Be2 Bb3 46.fxe5 fxe5 47.c5 Qxc5 48.Qxc5 dxc5 49.Ke3 Kf6 50.Kd2 Ke7
51.Kc3 Ba4 52.Bf1 Bd7 53.Be2 Kd6 54.Kc4 Ba4 55.Kc3 Bd7 56.Ba6 Bh3 57.Kd2 Bg2
58.Ke3 Bh3 59.Bb5 Ke7 60.Kd2 Bg2 61.Bd3 Kd6 62.Ke3 Bh3 63.Bb5 Ke7 64.Ba4 Bg4
65.Kd3 Bf3 66.Bc6 Bg2 67.Kc4 Kd6 68.Kd3 Ke7 69.d6+ Kxd6 70.Be8 c4+ 71.Ke3 Bh3
72.Bxg6 Bg4 73.Bf7 Kc5 74.Bd5 Kb4 75.Kd2 Bf3 76.Kc2 Bg4 77.Bf7 Be2 78.Bg6 Bf3
79.Bf5 Kc5 80.Kc3 Be2 81.Bg6 Bg4 82.Bf7 Bf3 83.Bxc4 Bxe4 84.Be2 Bg6  1/2-1/2

[Event "1st WMSG Rapid Pair"]
[Site "Beijing CHN"]
[Date "2008.10.09"]
[Round "1"]
[White "Vovk,Ok"]
[Black "Vasilevich,T"]
[Result "0-1"]
[WhiteElo "2142"]
[BlackElo "2368"]

1.d4 e6 2.Nf3 Nf6 3.c4 Bb4+ 4.Bd2 a5 5.a3 Bxd2+ 6.Qxd2 d6 7.Nc3 Nbd7 8.g3 O-O
9.Bg2 e5 10.O-O exd4 11.Qxd4 Nc5 12.Nd2 a4 13.e4 Ra5 14.Nd5 Nxd5 15.cxd5 Bd7
16.Rfe1 b6 17.f4 f6 18.e5 fxe5 19.fxe5 dxe5 20.Rxe5 Bb5 21.Bf1 Bxf1 22.Rxf1 Rxf1+
23.Kxf1 Nd7 24.Rf5 Nf6 25.Ne4 Nxd5 26.Nc3 Ne3+ 27.Qxe3 Rxf5+ 28.Kg2 Qa8+
29.Kg1 Rf8 30.Qe6+ Kh8 31.Nd5 Qa6 32.Ne3 Qe2 33.Qe7 Rf1+  0-1

[Event "1st WMSG Rapid Pair"]
[Site "Beijing CHN"]
[Date "2008.10.10"]
[Round "7"]
[White "Medvegy,N"]
[Black "Vasilevich,T"]
[Result "1/2-1/2"]
[WhiteElo "2355"]
[BlackElo "2368"]

1.d4 Nf6 2.c4 e6 3.Nf3 Bb4+ 4.Bd2 a5 5.g3 O-O 6.Bg2 d6 7.O-O Bxd2 8.Qxd2 Nbd7
9.Nc3 e5 10.Rfd1 exd4 11.Nxd4 Nc5 12.Nb3 Nfd7 13.Nxc5 Nxc5 14.Ne4 Nxe4 15.Bxe4 Qf6
16.Rac1 Qe5 17.Bg2 Rb8 18.e3 b6 19.Qd4 Qe7 20.a3 Bb7 21.Bd5 Rfe8 22.Kg2 h6
23.Rd2 Qe5 24.b4 axb4 25.axb4 Qxd4 26.Rxd4 Kf8 27.Rd2 Ke7 28.Ra2 Ra8 29.Rxa8 Bxa8
30.Ra1 Bxd5+ 31.cxd5 Kd7 32.Kf3 f5 33.h3 Re4 34.g4 g6 35.gxf5 gxf5 36.Rb1 b5
37.Rb3 Rc4 38.Rb2 Ke7 39.Kg3 Kd7 40.f3 Ke7 41.Kf2 Kf6 42.f4 Kg6 43.Kf3 Kh5
44.Rb1 Kh4 45.Rg1 Rxb4 46.Rg6 Kh5 47.Rf6 Rb1 48.Rxf5+ Kg6 49.Rf8 b4 50.Rb8 b3
51.Ke4 b2 52.h4 h5 53.Rb7 Kf6 54.Rb8 Kg6 55.Rb7 Kf6 56.Rb8 Kg6 57.Rb7 Kf6
58.Rb8 Kg6 59.Rb7 Kf6 60.Rb8 Ke7 61.Rb7 Kf6 62.Rb8 c6  1/2-1/2

[Event "Chigorin Memorial"]
[Site "St Petersburg RUS"]
[Date "2008.10.10"]
[Round "8"]
[White "Zakharchenko,A"]
[Black "Makarov,M"]
[Result "1/2-1/2"]
[WhiteElo "2288"]
[BlackElo "2536"]

1.d4 Nf6 2.c4 e6 3.Nf3 Bb4+ 4.Bd2 a5 5.g3 d6 6.Bg2 Nbd7 7.O-O e5 8.Bg5 exd4
9.Nxd4 h6 10.Bf4 O-O 11.a3 Bc5 12.Nc3 a4 13.Ndb5 Nb6 14.Nd5 Nbxd5 15.cxd5 Bf5
16.Nc3 Qd7 17.e4 Bh3 18.Qd3 Bxg2 19.Kxg2 Ng4 20.f3 Ne5 21.Bxe5 dxe5 22.Rac1 Bd6
23.Rc2 Ra5 24.Rfc1 Rc5 25.Nxa4 Rxc2+ 26.Qxc2 Qb5 27.Nc3 Qb6 28.Nd1 Ra8 29.Qc3 Qa6
30.Rc2 Qb5 31.Ne3 Rf8 32.Nf5 h5 33.h4 g6 34.Nxd6 cxd6 35.Qc4 Qb6 36.Qc7 Qa6
37.Qc4 Qb6 38.Qe2 f5 39.exf5 Rxf5 40.Qd3 Kg7 41.b3 Rf7 42.Rc4 Qa5 43.a4 b5
44.Rc6 Qb4 45.axb5 Ra7 46.Rc2 Rb7 47.Qc4 Qxb5 48.f4 Qxb3 49.Qxb3 Rxb3 50.Rc6 exf4
51.gxf4 Kf6 52.Rxd6+ Kf5  1/2-1/2

[Event "1st WMSG Blitz Team w"]
[Site "Beijing CHN"]
[Date "2008.10.13"]
[Round "4"]
[White "Medvegy,N"]
[Black "Shahade,J"]
[Result "0-1"]
[WhiteElo "2355"]
[BlackElo "2322"]

1.d4 Nf6 2.c4 e6 3.Nf3 Bb4+ 4.Bd2 Qe7 5.g3 Nc6 6.Bg2 Bxd2+ 7.Qxd2 Ne4 8.Qc2 Qb4+
9.Nbd2 Nxd2 10.Qxd2 Qxc4 11.O-O Qb4 12.Qg5 O-O 13.Qf4 Qd6 14.Qd2 b6 15.Rac1 Bb7
16.a3 Rac8 17.e4 e5 18.d5 Ne7 19.Qc3 Ng6 20.Nd2 c6 21.Nc4 Qf6 22.dxc6 Rxc6
23.Qd3 Ba6 24.b3 Qe7 25.Ne3 Bxd3  0-1

[Event "1st WMSG Blitz Team w"]
[Site "Beijing CHN"]
[Date "2008.10.13"]
[Round "5"]
[White "Sachdev,T"]
[Black "Hou Yifan"]
[Result "1-0"]
[WhiteElo "2425"]
[BlackElo "2578"]

1.d4 e6 2.c4 Nf6 3.Nf3 Bb4+ 4.Bd2 c5 5.Bxb4 cxb4 6.e3 O-O 7.Bd3 d6 8.O-O Re8
9.Qc2 a5 10.Nbd2 Nc6 11.Ng5 h6 12.Nge4 Nxe4 13.Bxe4 Bd7 14.Nf3 Rc8 15.b3 e5
16.dxe5 dxe5 17.Rad1 Qe7 18.Qe2 Rcd8 19.Rd2 Bc8 20.Rfd1 Rxd2 21.Rxd2 f5 22.Bd5+ Kh7
23.Qd1 e4 24.Bxc6 bxc6 25.Nd4 Qf6 26.Ne2 Be6 27.Rd6 c5 28.Nf4 Qe5 29.h3 Bf7
30.Rd7 Kg8 31.Ra7 Qf6 32.Qd7 Rd8 33.Qc7 Rd1+ 34.Kh2 Rd2 35.Ra8+ Kh7 36.Rf8 Rxf2
37.Rxf7 Qg5 38.Qe5 Rxa2 39.Rxf5 Qd8 40.Qxe4 Kh8 41.Rf8+  1-0

[Event "1st WMSG Blitz Team w"]
[Site "Beijing CHN"]
[Date "2008.10.13"]
[Round "6"]
[White "Prismontaite,R"]
[Black "Bashkite,V"]
[Result "0-1"]
[WhiteElo "2011"]
[BlackElo "2129"]

1.d4 Nf6 2.c4 e6 3.Nf3 Bb4+ 4.Bd2 Qe7 5.a3 Bxd2+ 6.Nbxd2 b6 7.g3 Bb7 8.Bg2 d6
9.O-O O-O 10.Qc2 Nbd7 11.Rfe1 Rfe8 12.e4 e5 13.d5 a5 14.b3 Nc5 15.Kh1 Bc8
16.Ng1 Ng4 17.Ndf3 Nxb3 18.h3 Nxa1 19.Rxa1 Nf6 20.Nh4 h6 21.Kh2 Nh7 22.f4 exf4
23.gxf4 Qxh4 24.Ne2 Nf6 25.Rf1 Ng4+ 26.Kg1 Ne3 27.Qd3 Nxf1 28.Kxf1 Bd7 29.f5 Re5
30.Ng3 Qf4+ 31.Kg1 Rae8 32.Nh5 Qg5 33.Ng3 h5 34.Kh2 h4 35.Nf1 Qf4+ 36.Kg1 Rxe4
37.Bxe4 Qxe4 38.Qd1 Bxf5 39.Qh5 Qd4+ 40.Kh1 Be4+ 41.Kh2 Qf2+  0-1

[Event "1st WMSG Rapid Team w"]
[Site "Beijing CHN"]
[Date "2008.10.14"]
[Round "2"]
[White "Vovk,Ok"]
[Black "Shahade,J"]
[Result "1/2-1/2"]
[WhiteElo "2142"]
[BlackElo "2322"]

1.d4 Nf6 2.c4 e6 3.Nf3 Bb4+ 4.Bd2 Qe7 5.e3 b6 6.Bxb4 Qxb4+ 7.Qd2 Qxd2+ 8.Nbxd2 Bb7
9.Bd3 d6 10.O-O Nbd7 11.Rfd1 a5 12.b3 e5 13.dxe5 dxe5 14.Bf5 Ke7 15.Nb1 g6
16.Bh3 Bxf3 17.gxf3 Nc5 18.Nc3 Rhd8 19.Kf1 Rxd1+ 20.Rxd1 Rd8 21.Rxd8 Kxd8
22.Ke2  1/2-1/2

[Event "28th OIS"]
[Site "Munich GER"]
[Date "2008.10.14"]
[Round "4"]
[White "Terekhov,A"]
[Black "Santl,A"]
[Result "1-0"]
[WhiteElo "2322"]
[BlackElo "2131"]

1.d4 Nf6 2.c4 e6 3.Nf3 Bb4+ 4.Bd2 Be7 5.Nc3 d5 6.Qc2 O-O 7.e4 dxe4 8.Nxe4 Nbd7
9.Bd3 Nxe4 10.Bxe4 Nf6 11.Bd3 c5 12.dxc5 Bxc5 13.Bc3 h6 14.O-O-O Qe7 15.g4 Nxg4
16.Rhg1 f5 17.h3 Nxf2 18.Rxg7+ Qxg7 19.Bxg7 Kxg7 20.Qc3+ Kh7 21.Rd2 Nxh3
22.Rg2 Ng5 23.Nxg5+ hxg5 24.Rh2+ Kg6 25.Be2 g4 26.Qd2 f4 27.Qd3+ Kg5 28.Bxg4  1-0

[Event "1st WMSG Rapid Team w"]
[Site "Beijing CHN"]
[Date "2008.10.15"]
[Round "4"]
[White "Topel,Z"]
[Black "Shahade,J"]
[Result "1/2-1/2"]
[WhiteElo "2214"]
[BlackElo "2322"]

1.d4 Nf6 2.c4 e6 3.Nf3 Bb4+ 4.Bd2 Qe7 5.a3 Bxd2+ 6.Qxd2 b6 7.Nc3 Bb7 8.Qc2 c5
9.dxc5 bxc5 10.e3 O-O 11.Be2 Nc6 12.O-O Rfd8 13.Rfd1 d6 14.Qa4 Rab8 15.Rab1 Nd7
16.b4 Nb6 17.Qc2 Ne5 18.Nxe5 dxe5 19.b5 Qh4 20.g3 Qh3 21.Bf1 Qg4 22.Be2 Qh3
23.Bf1 Qg4 24.Be2 Qh3 25.Bf1 Qg4 26.Be2  1/2-1/2

[Event "1st WMSG Rapid Team w"]
[Site "Beijing CHN"]
[Date "2008.10.15"]
[Round "5"]
[White "Caoili,A"]
[Black "Estrada Gaspar,N"]
[Result "1/2-1/2"]
[WhiteElo "2170"]
[BlackElo "2086"]

1.d4 Nf6 2.Nf3 e6 3.c4 Bb4+ 4.Bd2 Qe7 5.g3 Nc6 6.Qc2 O-O 7.Bg2 Bxd2+ 8.Nbxd2 d6
9.O-O e5 10.d5 Nb8 11.e4 a5 12.Ne1 Bg4 13.f3 Bd7 14.Nd3 Na6 15.Qc3 b5 16.Qxa5 Rfb8
17.Qc3 c6 18.cxb5 Rxb5 19.dxc6 Rc8 20.Qa3 Rxc6 21.Rac1 Nc5 22.Nxc5 Rbxc5
23.b4 Rxc1 24.Rxc1 Rxc1+ 25.Qxc1 Be6 26.Qa3 Qb7 27.Qa5 h6 28.h4 Qc6 29.b5 Qc5+
30.Kh2 Qf2 31.Qd8+ Kh7 32.Qxd6 Bxa2 33.Qxe5 Qxd2 34.Qf5+ Kh8 35.Qc8+ Kh7
36.Qf5+ Kh8 37.Qc8+  1/2-1/2

[Event "1st WMSG Rapid Team"]
[Site "Beijing CHN"]
[Date "2008.10.15"]
[Round "5"]
[White "Neubauer,M"]
[Black "Gonzalez Garcia,J2"]
[Result "0-1"]
[WhiteElo "2422"]
[BlackElo "2508"]

1.d4 Nf6 2.Nf3 e6 3.c4 Bb4+ 4.Bd2 c5 5.Bxb4 cxb4 6.g3 O-O 7.Bg2 d6 8.O-O a5
9.Qd3 Qe7 10.a3 Na6 11.Nbd2 e5 12.Ne1 bxa3 13.bxa3 Rb8 14.Nc2 Bd7 15.Rab1 exd4
16.Nxd4 Nc5 17.Qc3 a4 18.Rb6 Qd8 19.Rxd6 Qc7 20.Rxf6 gxf6 21.Rb1 Rfe8 22.e3 Qe5
23.Rb6 Ne6 24.N2f3 Qc5 25.Rb4 Nxd4 26.exd4 Qh5 27.d5 Bg4 28.Qxf6 Bxf3 29.Bxf3 Qg6
30.Qxg6+ hxg6 31.d6 b6 32.Bc6 Re6 33.c5 Re1+ 34.Kg2 Rc1 35.Rxb6 Rxb6 36.cxb6 Kf8
37.Bxa4 Rb1 38.d7 Ke7 39.Bc2 Rxb6 40.h4 Kxd7 41.g4 Ke7 42.Kg3 Rc6 43.Be4 Rc3+
44.Kf4 Rxa3 45.h5  0-1

[Event "1st WMSG Rapid Team"]
[Site "Beijing CHN"]
[Date "2008.10.16"]
[Round "7"]
[White "Laouini,Sa"]
[Black "Amir,K"]
[Result "0-1"]
[WhiteElo "2209"]
[BlackElo "2265"]

1.d4 Nf6 2.c4 e6 3.Nf3 Bb4+ 4.Bd2 a5 5.g3 b6 6.Bg2 Bb7 7.O-O Bxd2 8.Nbxd2 Ne4
9.Rc1 O-O 10.Qc2 Nxd2 11.Qxd2 d6 12.Qf4 f5 13.Rfd1 Be4 14.Bf1 Qe7 15.Ng5 Bb7
16.d5 e5 17.Qh4 h6 18.Ne6 Rf6 19.e4 f4 20.Kh1 Na6 21.Bh3 Kh8 22.Bf5 Bc8 23.Re1 Bxe6
24.dxe6 Nc5  0-1

[Event "1st WMSG Rapid Team"]
[Site "Beijing CHN"]
[Date "2008.10.16"]
[Round "7"]
[White "Wu Shaobin"]
[Black "Cooper,L"]
[Result "1/2-1/2"]
[WhiteElo "2455"]
[BlackElo "2313"]

1.d4 Nf6 2.c4 e6 3.Nf3 Bb4+ 4.Bd2 Qe7 5.g3 Bxd2+ 6.Qxd2 d5 7.Bg2 O-O 8.O-O dxc4
9.Na3 c5 10.Nxc4 Nc6 11.dxc5 Qxc5 12.Rac1 Rd8 13.Qf4 Qe7 14.Nfe5 Nxe5 15.Qxe5 Nd5
16.e4 Nb4 17.Qb5 b6 18.a3 Nd3 19.Rcd1 Bd7 20.Qb3 Nc5 21.Qe3 Bb5 22.b3 Bxc4  1/2-1/2

[Event "1st WMSG Rapid Team w"]
[Site "Beijing CHN"]
[Date "2008.10.16"]
[Round "9"]
[White "Mohammed Qane,J"]
[Black "Bashkite,V"]
[Result "1/2-1/2"]
[WhiteElo "1913"]
[BlackElo "2129"]

1.d4 Nf6 2.c4 e6 3.Nf3 Bb4+ 4.Bd2 Qe7 5.a3 Bxd2+ 6.Nbxd2 Nc6 7.e3 d6 8.Be2 e5
9.d5 Nb8 10.e4 O-O 11.O-O a5 12.b4 axb4 13.axb4 Rxa1 14.Qxa1 Na6 15.Qc3 Bg4
16.h3 Bh5 17.Ra1 Bg6 18.Bd3 Nh5 19.g3 f5 20.Nh4 f4 21.Nxg6 hxg6 22.g4 Nf6
23.Nf3 Nh7 24.Rc1 Ng5 25.Nxg5 Qxg5 26.f3 Qh4 27.Bf1 Qg3+ 28.Bg2 Kf7 29.c5 Rh8
30.Kf1 Rxh3 31.Bxh3 Qxh3+ 32.Ke1 Qg2 33.cxd6 cxd6 34.Rc2 Qg1+ 35.Kd2 g5 36.Rc1 Qb6
37.Rb1 Qf2+ 38.Kd1 Qf1+ 39.Kc2 Qf2+ 40.Kc1 Qf1+ 41.Kb2 Qf2+ 42.Ka1 Qa7 43.Qa3 Qd4+
44.Ka2 Qc4+ 45.Rb3 Nc7 46.Qa4 Qc2+ 47.Rb2 Qc4+ 48.Rb3 Qc2+ 49.Rb2 Qc4+ 50.Rb3 Qc2+
51.Rb2 Qc4+  1/2-1/2

[Event "1st WMSG Rapid Team w"]
[Site "Beijing CHN"]
[Date "2008.10.16"]
[Round "9"]
[White "Gunina,V"]
[Black "Ghader Pour,S"]
[Result "1-0"]
[WhiteElo "2381"]
[BlackElo "2149"]

1.d4 Nf6 2.c4 e6 3.Nf3 Bb4+ 4.Bd2 Qe7 5.g3 O-O 6.Bg2 d5 7.cxd5 exd5 8.O-O h6
9.Bxb4 Qxb4 10.Qc2 Qe7 11.Nc3 c6 12.a3 Re8 13.b4 Nbd7 14.b5 Nb6 15.bxc6 bxc6
16.Rfc1 Ba6 17.e3 Rac8 18.Na4 Nxa4 19.Qxa4 Bb5 20.Qb4 Rb8 21.Qxe7 Rxe7 22.Ne5 Ba4
23.Nxc6 Bxc6 24.Rxc6 Reb7 25.Rac1 Rb1 26.Bh3 Rxc1+ 27.Rxc1 Rb3 28.Rc8+ Kh7
29.a4 Kg6 30.Rc6 Kg5 31.Bf1 Ne4 32.Be2 Nf6 33.Bf3 Rb6 34.Rc5 Rd6 35.e4 Rd7
36.h4+ Kg6 37.e5 Ne8 38.Bxd5 Nc7 39.Be4+ Kh5 40.e6+  1-0

[Event "1st Bobotsov Mem"]
[Site "Sofia BUL"]
[Date "2008.10.16"]
[Round "2"]
[White "Rusev,K"]
[Black "Todorov,O"]
[Result "1-0"]
[WhiteElo "2541"]
[BlackElo "2318"]

1.d4 Nf6 2.c4 e6 3.Nf3 Bb4+ 4.Bd2 c5 5.Bxb4 cxb4 6.a3 bxa3 7.Nxa3 d6 8.e3 O-O
9.b4 Nc6 10.Nc2 b6 11.Be2 Bb7 12.O-O Re8 13.Qb1 e5 14.Rd1 Qc7 15.Qb2 e4 16.Nd2 Ne7
17.Na3 a6 18.Rac1 Rac8 19.c5 b5 20.Bxb5 axb5 21.Nxb5 Qb8 22.Nxd6 Bd5 23.b5 Red8
24.Nxc8 Rxc8 25.Rc3 h5 26.h3 Nf5 27.Nc4 Nd7 28.Ra1 Nxc5 29.dxc5 Rxc5 30.Na3  1-0

[Event "TCh-AUT 2nd Bundesliga West 2008-9"]
[Site "Austria AUT"]
[Date "2008.10.18"]
[Round "2"]
[White "Schmidlechner,A"]
[Black "Grabher,H"]
[Result "1/2-1/2"]
[WhiteElo "2192"]
[BlackElo "2226"]

1.d4 Nf6 2.c4 e6 3.Nf3 Bb4+ 4.Bd2 Qe7 5.Nc3 b6 6.Qc2 Bb7 7.a3 Bxc3 8.Bxc3 Ne4
9.e3 d6 10.Bd3 f5 11.O-O O-O 12.Nd2 Nxc3 13.Qxc3 Nd7 14.f4 Rac8 15.Rae1 c5
16.e4 cxd4 17.Qxd4 e5 18.Qe3 exf4 19.Rxf4 fxe4 20.Bxe4 Bxe4 21.Qxe4 Qxe4
22.Rxf8+ Kxf8 23.Nxe4 Ke7 24.b3 Ne5 25.Rd1 Rc6 26.Kf2 Nd7 27.Re1 Ne5 28.Ke3 h6
29.Kd4 Ke6 30.Nd2 Rc7 31.Nf3 Rc5 32.a4 Kf6 33.Nd2 Nc6+ 34.Kd3 d5 35.Rf1+ Ke7
36.Re1+ Kd7 37.cxd5 Rxd5+ 38.Kc3 Rc5+ 39.Nc4 Na5 40.Rd1+  1/2-1/2

[Event "24th ECC"]
[Site "Kallithea GRE"]
[Date "2008.10.18"]
[Round "2"]
[White "Kanakaris,G"]
[Black "Rouchouse,S"]
[Result "1-0"]
[WhiteElo "2342"]
[BlackElo "2204"]

1.d4 Nf6 2.c4 e6 3.Nf3 Bb4+ 4.Bd2 Qe7 5.g3 Nc6 6.Bg2 Bxd2+ 7.Nbxd2 d6 8.O-O a5
9.e4 e5 10.d5 Nb8 11.Ne1 O-O 12.Nd3 Na6 13.f4 Nd7 14.a3 g6 15.b4 c5 16.bxa5 Nc7
17.Nb3 exf4 18.gxf4 b6 19.axb6 Nxb6 20.Qc2 Ra4 21.Nd2 Bd7 22.Qc3 Qh4 23.e5 Nxc4
24.Nxc4 Nb5 25.Qc1 Nd4 26.Kh1 Nb3 27.Qc3 Nxa1 28.Nb6 Ra7 29.Nxd7 Rxd7 30.Qxa1 Ra7
31.exd6 Rfa8 32.Nxc5 Rxa3 33.Qe5 Qh5 34.f5 Ra2 35.Ne4 Qe2 36.Rg1 Qb2 37.Qf4 Ra1
38.Bf1 Rd8 39.Qh4 Qe5 40.Qxd8+ Kg7 41.f6+ Kh6 42.Qf8+  1-0